Music Quiz

Random Music or Album Quiz

Trooper Songs Quiz Stats

 Plays Quiz not verified by Sporcle

Challenge
Share
Tweet
Embed
Score 0/17 Timer 05:00
0 Plays Today
Album Song % Correct
Two For the ShowBoys in The Bright White Sports Car
80%
Two For the ShowTwo For the Show
80%
Flying Colors3 Dressed Up As A 9
80%
Flying ColorsJanine
80%
TrooperGeneral Hand Grenade
70%
Two For the ShowSanta Maria
70%
Thick As ThievesRaise A Little Hell
70%
Thick As ThievesMoment That It Takes
60%
Thick As ThievesRound Round We Go
60%
Album Song % Correct
TenThe American Dream
60%
Knock Em Dead KidWe're Here For A Good Time, Not A Long Time
50%
Knock 'Em Dead KidOh Pretty Lady
50%
Untitled Trooper albumReal Canadians
30%
TrooperBaby Woncha Please Come Home
20%
Money TalksIt Comes And It Goes
10%
The Last of the GypsiesThin White Line
10%
The Last of the GypsiesBoy With A Beat
10%

You're not logged in!

Compare scores with friends on all Sporcle quizzes.
OR
Log In

You Might Also Like...

Show Comments

Extras

Top Quizzes Today


Score Distribution

Your Account Isn't Verified!

In order to create a playlist on Sporcle, you need to verify the email address you used during registration. Go to your Sporcle Settings to finish the process.

Report this User

Report this user for behavior that violates our Community Guidelines.

Details: